| 000 | 00695nam a2200169Ia 4500 | ||
|---|---|---|---|
| 005 | 20250721200112.0 | ||
| 008 | 250721s9999 xx 000 0 und d | ||
| 020 | _a9780521376365 | ||
| 082 |
_a942.034092 _bMAD |
||
| 100 | _aMaddicott, J. R. | ||
| 245 | 0 | _aSimon de Montfort | |
| 260 |
_bCambridge University Press _c1996 |
||
| 300 | _a436 pages | ||
| 500 | _aPartly a study of the politics of Henry III's reign (l2l6-72), this study looks at Simon de Montfort's lands, finances, following and religious ideals. It draws on unusual sources, making his biography as much a study of temperament and character as a political career. | ||
| 650 | _aBiography & Autobiography | ||
| 942 | _cENGLISH | ||
| 999 |
_c576770 _d576770 |
||